|
|
|
|
| LEADER |
00869nam a2200241 i 4500 |
| 001 |
4336150 |
| 003 |
GR-PaULI |
| 005 |
20210117210642.0 |
| 008 |
180620r19871961enk g b 000 d eng d |
| 010 |
|
|
|a 88170603
|
| 020 |
|
|
|a 0571063675 (paper)
|
| 020 |
|
|
|a 0571070507 (hard)
|
| 040 |
|
|
|a GR-PaULI
|c GR-PaULI
|b gre
|e AACR2
|
| 082 |
0 |
4 |
|2 23
|a 822.912
|
| 100 |
1 |
|
|a Osborne, John,
|9 112094
|e συγγραφέας
|d 1929-1994
|
| 245 |
1 |
4 |
|a The entertainer /
|c John Osborne.
|
| 260 |
|
|
|a London :
|b Faber and faber,
|c 1987.
|
| 300 |
|
|
|a 89 σ. ;
|c 19 εκ.
|
| 650 |
|
4 |
|9 80138
|a Αγγλικό δράμα
|y 20ός αιώνας
|
| 942 |
|
|
|2 ddc
|c BK15
|
| 952 |
|
|
|0 0
|1 0
|2 ddc
|4 0
|6 822_912000000000000_OSB
|7 0
|9 223351
|a THST
|b THST
|d 2018-06-20
|i 006911
|l 0
|o 822.912 OSB
|p 025000013757
|r 2018-06-20 00:00:00
|t 1
|v 2018.00
|w 2018-06-20
|y BK15
|
| 998 |
|
|
|c ΜΑΝΙΑ
|d 2018-06
|
| 999 |
|
|
|c 134984
|d 134984
|